Jump Between All World Capitals: Closest to Previously Listed Ones - Statistics

General Stats
  • This quiz has been taken 619 times
  • The average score is 64 of 196
Answer Stats
D (km) Capital City % Correct
Albania ↑↑O . Tirana . ↓P
100%
131 ↑T . Podgorica . ↓S
89%
153 ↑P . Skopje . ↓P
87%
78 ↑S . Pristina . ↓S
86%
172 ↑P . Sarajevo . ↓S
84%
288 ↑B . Zagreb . ↓L
81%
198 ↑S . Belgrade . ↓Z
81%
174 ↑S . Sofia . ↓B
81%
161 ↑B . Budapest . ↓P
80%
267 ↑L . Vienna . ↓B
80%
117 ↑Z . Ljubljana . ↓V
80%
252 ↑B . Prague . ↓B
79%
280 ↑P . Berlin . ↓S
79%
55 ↑V . Bratislava . ↓B
79%
285 ↑B . San Marino . ↓V
69%
225 ↑S . Vatican City . ↓R
69%
4 ↑V . Rome . ↓B
69%
296 ↑R . Bucharest . ↓C
65%
355 ↑B . Copenhagen . ↓C
58%
357 ↑C . Chisinau . ↓V
58%
400 ↑C . Vaduz . ↓B
58%
264 ↑A . Paris . ↓L
57%
311 ↑B . Luxembourg . ↓B
57%
173 ↑B . Amsterdam . ↓P
56%
187 ↑L . Brussels . ↓A
56%
321 ↑P . London . ↓M
56%
159 ↑V . Bern . ↓L
56%
380 ↑H . Stockholm . ↓W
55%
433 ↑K . Minsk . ↓V
55%
357 ↑L . Monaco . ↓K
55%
402 ↑M . Kiev . ↓M
55%
280 ↑R . Tallinn . ↓H
55%
393 ↑S . Warsaw . ↓O
55%
82 ↑T . Helsinki . ↓S
55%
261 ↑V . Riga . ↓T
55%
417 ↑W . Oslo . ↓D
55%
172 ↑M . Vilnius . ↓R
54%
463 ↑O . Dublin . ↓A
53%
498 ↑A . Andorra la Vella . ↓M
49%
494 ↑A . Madrid . ↓L
49%
486 ↑D . Athens . ↓A
49%
561 ↑L . Rabat . ↓T
49%
503 ↑M . Lisbon . ↓R
49%
597 ↑R . Tunis . ↓V
49%
403 ↑T . Valletta . ↓T
49%
357 ↑V . Tripoli . ↓A
49%
635 ↑T . Algiers . ↓M
48%
529 ↑A . Nicosia . ↓B
44%
84 ↑B . Damascus . ↓A
44%
749 ↑M . Ankara . ↓N
44%
241 ↑N . Beirut . ↓D
44%
71 ↑A . Jerusalem . ↓C
43%
677 ↑A . Moscow . ↓A
43%
175 ↑D . Amman . ↓J
43%
754 ↑C . Baghdad . ↓K
42%
423 ↑J . Cairo . ↓B
42%
423 ↑A . Riyadh . ↓M
41%
556 ↑B . Kuwait City . ↓M
41%
301 ↑D . Abu Dhabi . ↓R
41%
433 ↑K . Manama . ↓D
41%
140 ↑M . Doha . ↓A
41%
440 ↑R . Muscat . ↓T
41%
449 ↑B . Tbilisi . ↓Y
40%
695 ↑M . Tehran . ↓B
40%
536 ↑T . Baku . ↓T
40%
170 ↑T . Yerevan . ↓A
40%
669 ↑Y . Ashgabat . ↓D
39%
911 ↑A . Dushanbe . ↓T
38%
690 ↑B . New Delhi . ↓K
38%
537 ↑B . Phnom Penh . ↓A
38%
736 ↑D . Naypyidaw . ↓V
38%
305 ↑D . Tashkent . ↓K
38%
479 ↑I . Bishkek . ↓N
38%
368 ↑K . Islamabad . ↓B
38%
427 ↑K . Thimphu . ↓D
38%
801 ↑N . Kathmandu . ↓T
38%
709 ↑N . Vientiane . ↓H
38%
423 ↑T . Dhaka . ↓N
38%
479 ↑V . Hanoi . ↓B
38%
517 ↑H . Bangkok . ↓P
37%
446 ↑T . Kabul . ↓I
37%
315 ↑K . Singapore . ↓J
36%
894 ↑S . Jakarta . ↓S
36%
997 ↑A . Kuala Lumpur . ↓S
35%
954 ↑P . Astana . ↓K
32%
916 ↑K . Juba . ↓K
31%
566 ↑A . Asmara . ↓K
30%
687 ↑A . Khartoum . ↓J
30%
558 ↑D . Addis Ababa . ↓A
30%
513 ↑J . Kampala . ↓K
30%
376 ↑K . Kigali . ↓B
30%
432 ↑S . Djibouti . ↓A
30%
503 ↑B . Nairobi . ↓D
29%
888 ↑D . Lilongwe . ↓H
29%
398 ↑H . Lusaka . ↓M
29%
1,066 ↑J . Sanaa . ↓D
29%
176 ↑K . Bujumbura . ↓N
29%
517 ↑L . Harare . ↓L
29%
301 ↑M . Pretoria . ↓G
29%
929 ↑M . Windhoek . ↓M
29%
553 ↑N . Dodoma . ↓L
29%
401 ↑G . Maseru . ↓W
28%
914 ↑L . Maputo . ↓M
28%
150 ↑M . Mbabane . ↓P
28%
259 ↑P . Gaborone . ↓M
28%
1,054 ↑A . Port Louis . ↓B
23%
920 ↑M . Antananarivo . ↓P
23%
1,027 ↑M . Moroni . ↓A
22%
1,343 ↑T . Victoria . ↓B
22%
609 ↑A . Porto-Novo . ↓L
21%
579 ↑A . Yamoussoukro . ↓M
21%
7 ↑B . Kinshasa . ↓L
21%
1,256 ↑B . Manila . ↓T
21%
703 ↑B . Ouagadougou . ↓N
21%
783 ↑B . Yaounde . ↓M
21%
332 ↑C . Bissau . ↓B
21%
126 ↑F . Conakry . ↓B
21%
361 ↑M . Freetown . ↓C
21%
378 ↑M . Libreville . ↓S
21%
828 ↑N . Brazzaville . ↓K
21%
415 ↑O . Niamey . ↓B
21%
1,297 ↑P . Bandar Seri Begawan . ↓M
21%
1,017 ↑W . Mogadishu . ↓M
21%
166 ↑B . Dakar . ↓N
20%
168 ↑L . Accra . ↓Y
20%
303 ↑L . Sao Tome . ↓A
20%
1,157 ↑M . Taipei . ↓V
20%
158 ↑P . Lome . ↓A
20%
604 ↑S . Abuja . ↓P
20%
1,446 ↑V . Bangui . ↓Y
20%
303 ↑Y . Malabo . ↓L
20%
613 ↑Y . Monrovia . ↓F
20%
205 ↑B . Banjul . ↓D
19%
406 ↑D . Nouakchott . ↓P
19%
653 ↑N . Praia . ↓B
19%
549 ↑K . Luanda . ↓N
18%
709 ↑P . Bamako . ↓O
18%
1,534 ↑B . Washington . ↓O
16%
732 ↑W . Ottawa . ↓↓T
16%
810 ↑P . Beijing . ↓T
15%
1,170 ↑T . Ulaanbaatar . ↓R
15%
892 ↑L . N'Djamena . ↓S
14%
1,480 ↑N . Seoul . ↓P
14%
194 ↑S . Pyongyang . ↓B
14%
1,155 ↑B . Tokyo . ↓U
13%
1,460 ↑S . Brasilia . ↓W
13%
202 ↑B . Montevideo . ↓S
12%
2,425 ↑F . Wellington . ↓C
12%
1,479 ↑L . Sucre . ↓A
12%
1,139 ↑M . Santiago . ↓B
12%
1,048 ↑S . Asuncion . ↓B
12%
2,330 ↑W . Canberra . ↓P
12%
1,034 ↑A . Buenos Aires . ↓M
11%
1,067 ↑A . Funafuti . ↓W
11%
728 ↑B . Quito . ↓M
11%
3,603 ↑C . Paramaribo . ↓G
11%
1,902 ↑M . Dili . ↓C
11%
1,316 ↑M . Lima . ↓S
11%
886 ↑N . Apia . ↓F
11%
772 ↑P . Bogota . ↓Q
11%
134 ↑S . Kingstown . ↓C
11%
1,497 ↑U . Reykjavik . ↓M
11%
206 ↑B . Saint John's . ↓B
10%
150 ↑C . Roseau . ↓B
10%
1,249 ↑H . Yaren . ↓T
10%
95 ↑K . Castries . ↓R
10%
2,334 ↑M . Port Moresby . ↓H
10%
554 ↑N . Havana . ↓B
10%
346 ↑P . Georgetown . ↓P
10%
1,402 ↑P . Honiara . ↓Y
10%
1,289 ↑P . Port-Vila . ↓S
10%
155 ↑P . Saint George's . ↓K
10%
1,072 ↑P . Suva . ↓N
10%
1,058 ↑Q . Mexico City . ↓L
10%
174 ↑R . Bridgetown . ↓S
10%
95 ↑S . Basseterre . ↓C
10%
744 ↑S . Nuku'alofa . ↓A
10%
511 ↑S . Panama City . ↓B
10%
218 ↑S . Tegucigalpa . ↓M
10%
586 ↑B . Caracas . ↓S
9%
343 ↑B . Guatemala City . ↓S
9%
765 ↑C . Male . ↓P
9%
780 ↑C . Santo Domingo . ↓P
9%
2,172 ↑D . Colombo . ↓M
9%
565 ↑G . Port-of-Spain . ↓S
9%
177 ↑G . San Salvador . ↓T
9%
932 ↑H . Belmopan . ↓G
9%
783 ↑K . Nassau . ↓H
9%
1,277 ↑M . Palikir . ↓P
9%
339 ↑M . San Jose . ↓P
9%
475 ↑P . Kingston . ↓N
9%
1,683 ↑R . Melekeok . ↓D
9%
247 ↑S . Port-au-Prince . ↓K
9%
661 ↑T . Majuro . ↓P
9%
239 ↑T . Managua . ↓S
9%
704 ↑Y . Tarawa . ↓M
9%
No matching quizzes found
Score Distribution
Percent of People with Each Score
Percentile by Number Answered
Your Score History
You have not taken this quiz